Historia de la enseñanza musical para ciegos en España (Record no. 91660)

MARC details
000 -LEADER
campo de control de longitud fija 01013nam a2200301 i 4500
001 - NÚMERO DE CONTROL
campo de control 91660
003 - IDENTIFICADOR DE NÚMERO DE CONTROL
campo de control ES-MaACL
005 - FECHA Y HORA DE LA ÚLTIMA TRANSACCIÓN
campo de control 20230906180758.0
007 - CAMPO FIJO DE DESCRIPCIÓN FÍSICA--INFORMACIÓN GENERAL
campo de control de longitud fija t|
008 - DATOS DE LONGITUD FIJA--INFORMACIÓN GENERAL
campo de control de longitud fija 050204s2004 sp ||||1| spa d
020 ## - NÚMERO INTERNACIONAL ESTÁNDAR DEL LIBRO
Número Internacional Estándar del Libro 84-484-0144-1
080 ## - NÚMERO DE LA CLASIFICACIÓN DECIMAL UNIVERSAL
Número de la Clasificación Decimal Universal 376.1-056.262(460)(091)
080 ## - NÚMERO DE LA CLASIFICACIÓN DECIMAL UNIVERSAL
Número de la Clasificación Decimal Universal 78:37(460)(091)
100 1# - ENTRADA PRINCIPAL--NOMBRE DE PERSONA
Nombre de persona Burgos Bordonau, Esther.
9 (RLIN) 32660
245 10 - MENCIÓN DEL TÍTULO
Título Historia de la enseñanza musical para ciegos en España
Resto del título : 1830-1938 /
Mención de responsabilidad, etc. Esther Burgos Bordonau.
250 ## - MENCION DE EDICION
Mención de edición 1ª ed.
260 ## - PUBLICACIÓN, DISTRIBUCIÓN, ETC.
Lugar de publicación, distribución, etc. Madrid :
Nombre del editor, distribuidor, etc. ONCE,
Fecha de publicación, distribución, etc. 2004.
300 ## - DESCRIPCIÓN FÍSICA
Extensión 430 p. :
Otras características físicas il. col. y n. ;
Dimensiones 24 cm +
Material acompañante/anejo 1 disco (CD-ROM)
490 1# - MENCIÓN DE SERIE
Mención de serie Estudios
504 ## - NOTA DE BIBLIOGRAFÍA, ETC.
Nota de bibliografía, etc. Bibliografía: p. 347-372.
650 #4 - PUNTO DE ACCESO ADICIONAL DE MATERIA--TÉRMINO DE MATERIA
Término de materia o nombre geográfico como elemento de entrada Ciegos-
Subdivisión general Educación.
9 (RLIN) 157271
650 #4 - PUNTO DE ACCESO ADICIONAL DE MATERIA--TÉRMINO DE MATERIA
Término de materia o nombre geográfico como elemento de entrada Música-
Subdivisión general Estudio y enseñanza-
Subdivisión geográfica España-
Subdivisión cronológica S.XIX.
9 (RLIN) 176152
650 ## - PUNTO DE ACCESO ADICIONAL DE MATERIA--TÉRMINO DE MATERIA
Término de materia o nombre geográfico como elemento de entrada Música-
Subdivisión general Estudio y enseñanza-
Subdivisión geográfica España-
Subdivisión cronológica S.XX.
9 (RLIN) 149097
710 2# - ENTRADA AGREGADA--NOMBRE DE ENTIDAD CORPORATIVA
Nombre de entidad corporativa o nombre de jurisdicción como elemento de entrada Organización Nacional de Ciegos Españoles.
9 (RLIN) 6071
830 1# - PUNTO DE ACCESO ADICIONAL DE SERIE-TÍTULO UNIFORME
Título uniforme Estudios
9 (RLIN) 177349
852 4# - LOCALIZACIÓN
Ubicación ES-MaACL
Número de control de estantería L-28782
Holdings
Estatus retirado Estado de pérdida Estado de daño No para préstamo Biblioteca de origen Biblioteca actual Ubicación en estantería Fecha de adquisición Fuente de adquisición Total de préstamos Signatura topográfica completa Código de barras Visto por última vez Precio de reemplazo Tipo de ítem Koha
        Biblioteca del Ateneo de Madrid Biblioteca del Ateneo de Madrid Depósito 2 17/01/2008     L-28782 1095698 23/02/2023 23/02/2023 Libro impreso